World War Two City to Country - Statistics

General Stats
  • This quiz has been taken 85 times
  • The average score is 5 of 18
Answer Stats
Hint Answer % Correct
Stalingrad USSR
85%
Kaliningrad Germany
69%
Wrocław Germany
69%
Karachi India
47%
Tel Aviv Palestine
41%
Rangoon/Yangon Burma
36%
Lhasa Tibet
35%
Colombo Ceylon
21%
Leopoldville/Kinshasha Belgian Congo
20%
Saigon/Ho Chi Minh City French Indochina
17%
Aden Saudi Arabia
9%
Timbuktu French West Africa
8%
Dar es Salaam Tanganyika
5%
Bulawayo Southern Rhodesia
4%
Kumasi Gold Coast
3%
Batavia/Jakarta Netherlands East Indies
3%
Brazzaville French Equatorial Africa
1%
Mogadishu Italian East Africa
1%
No matching quizzes found
Score Distribution
Percent of People with Each Score
Percentile by Number Answered
Your Score History
You have not taken this quiz